<?xml version="1.0" encoding="UTF-8"?>
<record
    xmlns:xsi="http://www.w3.org/2001/XMLSchema-instance"
    xsi:schemaLocation="http://www.loc.gov/MARC21/slim http://www.loc.gov/standards/marcxml/schema/MARC21slim.xsd"
    xmlns="http://www.loc.gov/MARC21/slim">

  <leader>00796nam a22002537a 4500</leader>
  <controlfield tag="005">20170123162346.0</controlfield>
  <datafield tag="010" ind1=" " ind2=" ">
    <subfield code="a">324621</subfield>
  </datafield>
  <datafield tag="020" ind1=" " ind2=" ">
    <subfield code="c">1.50</subfield>
  </datafield>
  <datafield tag="035" ind1=" " ind2=" ">
    <subfield code="a">324621</subfield>
  </datafield>
  <datafield tag="037" ind1=" " ind2=" ">
    <subfield code="b">Cen Lib/Ret</subfield>
  </datafield>
  <datafield tag="040" ind1=" " ind2=" ">
    <subfield code="a">DPL</subfield>
    <subfield code="b">UR</subfield>
  </datafield>
  <datafield tag="082" ind1=" " ind2=" ">
    <subfield code="a">847</subfield>
    <subfield code="b">&#x627; &#x6A9; &#x628; </subfield>
  </datafield>
  <datafield tag="245" ind1=" " ind2=" ">
    <subfield code="a">&#x627;&#x6A9;&#x628;&#x631; &#x639;&#x644;&#x627;&#x62D;&#x628;&#x627;&#x62F;&#x6CC; &#x6A9;&#x6D2; &#x644;&#x637;&#x6CC;&#x641;&#x6D2; /</subfield>
    <subfield code="c">&#x645;&#x631;&#x62A;&#x628;&#x6C1; &#x646;&#x627;&#x62F;&#x645; &#x633;&#x6CC;&#x62A;&#x627;&#x67E;&#x648;&#x631;&#x6CC;</subfield>
  </datafield>
  <datafield tag="246" ind1=" " ind2=" ">
    <subfield code="a">Akbar Alahabadi ke latife /</subfield>
    <subfield code="b">edited by Naadam Sitapuri </subfield>
  </datafield>
  <datafield tag="260" ind1=" " ind2=" ">
    <subfield code="a">&#x644;&#x6A9;&#x6BE;&#x646;&#x624; </subfield>
    <subfield code="b">&#x646;&#x633;&#x6CC;&#x645; &#x628;&#x6A9; &#x688;&#x67E;&#x648; </subfield>
  </datafield>
  <datafield tag="270" ind1=" " ind2=" ">
    <subfield code="b">&#x644;&#x6A9;&#x6BE;&#x646;&#x624; </subfield>
  </datafield>
  <datafield tag="300" ind1=" " ind2=" ">
    <subfield code="a">87p.</subfield>
    <subfield code="c">17cm(Hb)</subfield>
  </datafield>
  <datafield tag="650" ind1=" " ind2=" ">
    <subfield code="a">&#x627;&#x62F;&#x628; -- &#x627;&#x631;&#x62F;&#x648; </subfield>
    <subfield code="9">133038</subfield>
  </datafield>
  <datafield tag="650" ind1=" " ind2=" ">
    <subfield code="a"> &#x627;&#x631;&#x62F;&#x648; &#x644;&#x637;&#x6CC;&#x641;&#x6D2;</subfield>
    <subfield code="9">133039</subfield>
  </datafield>
  <datafield tag="650" ind1=" " ind2=" ">
    <subfield code="a">Literature -- Urdu</subfield>
    <subfield code="9">133040</subfield>
  </datafield>
  <datafield tag="650" ind1=" " ind2=" ">
    <subfield code="a">Urdu comics</subfield>
    <subfield code="9">133041</subfield>
  </datafield>
  <datafield tag="700" ind1=" " ind2=" ">
    <subfield code="a">&#x646;&#x627;&#x62F;&#x645; &#x633;&#x6CC;&#x62A;&#x627;&#x67E;&#x648;&#x631;&#x6CC; </subfield>
    <subfield code="9">133042</subfield>
  </datafield>
  <datafield tag="942" ind1=" " ind2=" ">
    <subfield code="2">ddc</subfield>
    <subfield code="c">UR</subfield>
    <subfield code="h">847</subfield>
    <subfield code="m">&#x627; &#x6A9; &#x628; </subfield>
  </datafield>
  <datafield tag="999" ind1=" " ind2=" ">
    <subfield code="c">108927</subfield>
    <subfield code="d">108927</subfield>
  </datafield>
  <datafield tag="952" ind1=" " ind2=" ">
    <subfield code="0">0</subfield>
    <subfield code="1">0</subfield>
    <subfield code="4">0</subfield>
    <subfield code="7">0</subfield>
    <subfield code="a">L</subfield>
    <subfield code="b">L</subfield>
    <subfield code="d">2016-02-11</subfield>
    <subfield code="e">Cen Lib/Ret</subfield>
    <subfield code="g">1.50</subfield>
    <subfield code="l">0</subfield>
    <subfield code="o">847 &#x627; &#x6A9; &#x628;</subfield>
    <subfield code="p">324621</subfield>
    <subfield code="r">2016-02-11 00:00:00</subfield>
    <subfield code="t">1</subfield>
    <subfield code="v">1.50</subfield>
    <subfield code="w">2016-02-11</subfield>
    <subfield code="y">UR</subfield>
  </datafield>
</record>
